[Event "47th GRE-chT 2019"]
[Site "Patra"]
[Date "2019.07.02"]
[Round "1.34"]
[White "Papadopoulos, Argirios"]
[Black "Mathioulakis, Fanis"]
[Result "1/2-1/2"]
[WhiteElo "2222"]
[BlackElo "1852"]
[Annotator "NA"]
[PlyCount "67"]
[EventDate "2019.07.02"]
[EventCountry "GRE"]
[SourceTitle "playchess.com"]
[Source "ChessBase"]
[SourceQuality "1"]
[TimeControl "5400+30"]

1. e4 {[%emt 0:00:00]} c5 {[%emt 0:02:43]} 2. Nf3 {[%emt 0:00:00]} Nc6 {[%emt 0:00:46]} 3. d4 {[%emt 0:00:00]} cxd4 {[%emt 0:00:06]} 4. Nxd4 {[%emt 0:00:00]} g6 {[%emt 0:02:23]} 5. c4 {[%emt 0:00:41]} Bg7 {[%emt 0:00:20]} 6. Be3 {[%emt 0:00:07]} Nf6 {[%emt 0:00:10]} 7. Nc3 {[%emt 0:00:07]} O-O {[%emt 0:05:23]} 8. Be2 {[%emt 0:00:46]} d6 {[%emt 0:03:30]} 9. O-O {[%emt 0:00:08]} Bd7 {[%emt 0:08:13]} 10. h3 {[%emt 0:05:14]} Nxd4 {[%emt 0:01:41]} 11. Bxd4 {[%emt 0:00:16]} Bc6 {[%emt 0:03:42]} 12. Qd3 {[%emt 0:05:17]} a5 {[%emt 0:06:12]} 13. b3 {[%emt 0:00:58]} Nd7 {[%emt 0:01:00]} 14. Bxg7 {[%emt 0:00:19]} Kxg7 {[%emt 0:08:17]} 15. Bg4 {[%emt 0:07:01]} Nc5 {[%emt 0:02:27]} 16. Qe3 {[%emt 0:16:36]} e5 {[%emt 0:05:30]} 17. f4 {[%emt 0:23:01]} exf4 {[%emt 0:05:14]} 18. Rxf4 {[%emt 0:03:06]} Qe7 {[%emt 0:13:29]} 19. Rd1 {[%emt 0:04:28]} f5 {[%emt 0:05:51]} 20. Qd4+ {[%emt 0:13:38]} Qe5 {[%emt 0:02:15]} 21. exf5 {[%emt 0:08:10]} h5 {[%emt 0:11:56]} 22. Be2 {[%emt 0:00:45]} Ne6 {[%emt 0:00:53]} 23. Qxe5+ {[%emt 0:00:01]} dxe5 {[%emt 0:04:51]} 24. Rf2 {[%emt 0:06:10]} Rxf5 {[%emt 0:01:06]} 25. Rxf5 {[%emt 0:00:01]} gxf5 {[%emt 0:03:24]} 26. Kf2 {[%emt 0:04:07]} h4 {[%emt 0:01:04]} 27. a3 {[%emt 0:00:40]} Nd4 {[%emt 0:00:19]} 28. b4 {[%emt 0:00:27]} axb4 {[%emt 0:00:01]} 29. axb4 {[%emt 0:00:14]} Ra3 {[%emt 0:00:52]} 30. Rc1 {[%emt 0:01:37]} Nb3 {[%emt 0:00:02]} 31. Rc2 {[%emt 0:00:40]} Nd4 {[%emt 0:00:04]} 32. Rc1 {[%emt 0:00:32]} Nb3 {[%emt 0:01:43]} 33. Rd1 {[%emt 0:00:09]} Nd4 {[%emt 0:00:27]} 34. Rc1 {[%emt 0:00:33]} 1/2-1/2

[Event "47th GRE-chT 2019"]
[Site "Patra"]
[Date "2019.07.02"]
[Round "1.35"]
[White "Agnanti, Danai"]
[Black "Antova, Gabriela"]
[Result "0-1"]
[WhiteElo "1688"]
[BlackElo "2257"]
[Annotator "NA"]
[PlyCount "64"]
[EventDate "2019.07.02"]
[EventCountry "GRE"]
[SourceTitle "playchess.com"]
[Source "ChessBase"]
[SourceQuality "1"]
[TimeControl "5400+30"]

1. e4 {[%emt 0:00:00]} c5 {[%emt 0:00:00]} 2. Nf3 {[%emt 0:00:00]} d6 {[%emt 0:00:00]} 3. d4 {[%emt 0:00:00]} cxd4 {[%emt 0:00:00]} 4. Nxd4 {[%emt 0:00:00]} Nf6 {[%emt 0:00:04]} 5. Nc3 {[%emt 0:00:16]} a6 {[%emt 0:00:16]} 6. Be3 {[%emt 0:00:20]} e6 {[%emt 0:01:31]} 7. f3 {[%emt 0:00:28]} b5 {[%emt 0:00:53]} 8. Qd2 {[%emt 0:00:29]} Nbd7 {[%emt 0:01:02]} 9. g4 {[%emt 0:01:33]} Nb6 {[%emt 0:12:15]} 10. g5 {[%emt 0:10:23]} Nfd7 {[%emt 0:00:12]} 11. O-O-O {[%emt 0:00:37]} Bb7 {[%emt 0:00:30]} 12. Qf2 {[%emt 0:04:55]} Rc8 {[%emt 0:02:31]} 13. Bh3 {[%emt 0:08:10]} Rxc3 {[%emt 0:19:10]} 14. bxc3 {[%emt 0:02:04]} Na4 {[%emt 0:07:45]} 15. Nxe6 {[%emt 0:05:38]} fxe6 {[%emt 0:02:30]} 16. Bxe6 {[%emt 0:00:03]} Nxc3 {[%emt 0:02:39]} 17. Rd3 {[%emt 0:06:46]} Qa5 {[%emt 0:04:56]} 18. Bd4 {[%emt 0:14:00]} b4 {[%emt 0:05:48]} 19. Bxc3 {[%emt 0:12:07]} bxc3 {[%emt 0:01:06]} 20. Qa7 {[%emt 0:01:05]} Qb4 {[%emt 0:09:50]} 21. Rxc3 {[%emt 0:05:16]} Qxc3 {[%emt 0:04:18]} 22. Qxb7 {[%emt 0:00:03]} Qa3+ {[%emt 0:05:24]} 23. Kd2 {[%emt 0:04:14]} Qa5+ {[%emt 0:00:25]} 24. Ke3 {[%emt 0:02:54]} Qxg5+ {[%emt 0:02:05]} 25. Kf2 {[%emt 0:03:11]} Qb5 {[%emt 0:03:06]} 26. Qa8+ {[%emt 0:03:40]} Ke7 {[%emt 0:00:25]} 27. Bd5 {[%emt 0:00:47]} g6 {[%emt 0:00:51]} 28. c4 {[%emt 0:06:34]} Qb6+ {[%emt 0:00:52]} 29. Kg3 {[%emt 0:05:32]} Bg7 {[%emt 0:00:18]} 30. Qc6 {[%emt 0:02:54]} Be5+ {[%emt 0:01:31]} 31. Kg4 {[%emt 0:00:45]} Qf2 {[%emt 0:00:51]} 32. Rb1 {[%emt 0:00:40]} Qg2+ {[%emt 0:00:16] Ra1} 0-1

[Event "47th GRE-chT 2019"]
[Site "Patra"]
[Date "2019.07.02"]
[Round "1.36"]
[White "Vozinaki, Anthi - Maria"]
[Black "Petraki, Argiro"]
[Result "1-0"]
[WhiteElo "2054"]
[BlackElo "1701"]
[Annotator "NA"]
[PlyCount "47"]
[EventDate "2019.07.02"]
[EventCountry "GRE"]
[SourceTitle "playchess.com"]
[Source "ChessBase"]
[SourceQuality "1"]
[TimeControl "5400+30"]

1. e4 {[%emt 0:00:00]} c5 {[%emt 0:01:06]} 2. Nf3 {[%emt 0:00:15]} b6 {[%emt 0:01:23]} 3. d4 {[%emt 0:00:05]} cxd4 {[%emt 0:00:10]} 4. Nxd4 {[%emt 0:00:10]} Bb7 {[%emt 0:00:00]} 5. Nc3 {[%emt 0:02:18]} a6 {[%emt 0:09:27]} 6. Be3 {[%emt 0:04:00]} e6 {[%emt 0:10:47]} 7. Qd2 {[%emt 0:10:27]} Qc7 {[%emt 0:09:15]} 8. Bd3 {[%emt 0:11:32]} Nf6 {[%emt 0:09:45]} 9. f3 {[%emt 0:06:57]} Bb4 {[%emt 0:06:47]} 10. O-O {[%emt 0:02:07]} O-O {[%emt 0:06:05]} 11. Qf2 {[%emt 0:19:24]} Bxc3 {[%emt 0:00:10]} 12. bxc3 {[%emt 0:00:54]} d5 {[%emt 0:12:01]} 13. Qh4 {[%emt 0:11:41]} dxe4 {[%emt 0:01:45]} 14. fxe4 {[%emt 0:00:42]} Nbd7 {[%emt 0:07:39]} 15. Rae1 {[%emt 0:10:10]} Qe5 {[%emt 0:14:55]} 16. Bg5 {[%emt 0:11:56]} h6 {[%emt 0:01:59]} 17. Bf4 {[%emt 0:03:58]} Qc5 {[%emt 0:03:07]} 18. e5 {[%emt 0:00:55]} Qxc3 {[%emt 0:00:57]} 19. Bxh6 {[%emt 0:00:49]} Nxe5 {[%emt 0:01:02]} 20. Bxg7 {[%emt 0:01:00]} Ng6 {[%emt 0:00:46]} 21. Bxg6 {[%emt 0:00:30]} fxg6 {[%emt 0:00:46]} 22. Qh8+ {[%emt 0:00:10]} Kf7 {[%emt 0:00:08]} 23. Rxf6+ {[%emt 0:00:14]} Ke7 {[%emt 0:00:26]} 24. Bxf8+ {[%emt 0:01:18]} 1-0

[Event "47th GRE-chT 2019"]
[Site "Patra"]
[Date "2019.07.02"]
[Round "1.37"]
[White "Skaraki, Georgia"]
[Black "Karavitaki, Antonia"]
[Result "0-1"]
[WhiteElo "1257"]
[BlackElo "1481"]
[Annotator "NA"]
[PlyCount "96"]
[EventDate "2019.07.02"]
[EventCountry "GRE"]
[SourceTitle "playchess.com"]
[Source "ChessBase"]
[SourceQuality "1"]
[TimeControl "5400+30"]

1. c4 {[%emt 0:00:00]} c5 {[%emt 0:00:00]} 2. Nf3 {[%emt 0:00:00]} Nc6 {[%emt 0:00:00]} 3. d4 {[%emt 0:00:06]} cxd4 {[%emt 0:00:25]} 4. Nxd4 {[%emt 0:00:16]} g6 {[%emt 0:00:40]} 5. e4 {[%emt 0:01:39]} Bg7 {[%emt 0:00:30]} 6. Be3 {[%emt 0:00:16]} Nf6 {[%emt 0:00:05]} 7. Nc3 {[%emt 0:00:22]} O-O {[%emt 0:00:16]} 8. h3 {[%emt 0:01:20]} d6 {[%emt 0:00:41]} 9. Be2 {[%emt 0:00:34]} Bd7 {[%emt 0:00:27]} 10. O-O {[%emt 0:00:31]} Nxd4 {[%emt 0:01:11]} 11. Bxd4 {[%emt 0:00:49]} Bc6 {[%emt 0:00:37]} 12. Bf3 {[%emt 0:01:24]} Nd7 {[%emt 0:01:39]} 13. Bxg7 {[%emt 0:00:18]} Kxg7 {[%emt 0:00:08]} 14. b4 {[%emt 0:00:34]} Ne5 {[%emt 0:03:40]} 15. Be2 {[%emt 0:01:27]} a5 {[%emt 0:21:34]} 16. a3 {[%emt 0:02:36]} f5 {[%emt 0:10:12]} 17. Qd4 {[%emt 0:04:46]} Kg8 {[%emt 0:01:28]} 18. b5 {[%emt 0:01:11]} Be8 {[%emt 0:05:39]} 19. Nd5 {[%emt 0:02:04]} Rc8 {[%emt 0:02:38]} 20. Nf4 {[%emt 0:03:20]} Qd7 {[%emt 0:03:31]} 21. Nd5 {[%emt 0:00:53]} Rc5 {[%emt 0:01:36]} 22. exf5 {[%emt 0:00:43]} gxf5 {[%emt 0:01:25]} 23. Nf4 {[%emt 0:01:36]} Bf7 {[%emt 0:01:33]} 24. Rac1 {[%emt 0:02:50]} Qc7 {[%emt 0:01:07]} 25. Nd5 {[%emt 0:02:26]} Bxd5 {[%emt 0:00:46]} 26. Qd2 {[%emt 0:02:08]} Bf7 {[%emt 0:01:21]} 27. Qg5+ {[%emt 0:00:34]} Bg6 {[%emt 0:00:14]} 28. Qf4 {[%emt 0:07:29]} Rc8 {[%emt 0:02:11]} 29. Kh2 {[%emt 0:01:19]} Nxc4 {[%emt 0:00:56]} 30. Bxc4+ {[%emt 0:00:48]} Rxc4 {[%emt 0:00:06]} 31. Rxc4 {[%emt 0:00:04]} Qxc4 {[%emt 0:00:08]} 32. Qxc4+ {[%emt 0:02:04]} Rxc4 {[%emt 0:00:07]} 33. Re1 {[%emt 0:00:06]} Kf7 {[%emt 0:00:24]} 34. Re3 {[%emt 0:01:13]} d5 {[%emt 0:00:21]} 35. Kg3 {[%emt 0:00:29]} f4+ {[%emt 0:00:17]} 36. Kf3 {[%emt 0:00:15]} fxe3 {[%emt 0:00:04]} 37. Kxe3 {[%emt 0:00:59]} d4+ {[%emt 0:00:17]} 38. Kd2 {[%emt 0:00:18]} Ra4 {[%emt 0:00:53]} 39. f4 {[%emt 0:00:24]} Rxa3 {[%emt 0:00:06]} 40. h4 {[%emt 0:00:00]} Rc3 {[%emt 0:00:00]} 41. g4 {[%emt 0:00:00]} a4 {[%emt 0:00:00]} 42. f5 {[%emt 0:00:00]} Bxf5 {[%emt 0:00:00]} 43. gxf5 {[%emt 0:00:00]} a3 {[%emt 0:00:00]} 44. f6 {[%emt 0:00:00]} a2 {[%emt 0:00:00]} 45. fxe7 {[%emt 0:00:00]} Kxe7 {[%emt 0:00:00]} 46. h5 {[%emt 0:00:00]} a1=Q {[%emt 0:00:07]} 47. h6 {[%emt 0:00:00]} Qb2+ {[%emt 0:00:00]} 48. Kd1 {[%emt 0:00:00]} Rc1# {[%emt 0:00:00]} 0-1

[Event "47th GRE-chT 2019"]
[Site "Patra"]
[Date "2019.07.02"]
[Round "1.38"]
[White "Georgakopoulos, Nikolaos K."]
[Black "Petrakis, Stylianos"]
[Result "0-1"]
[WhiteElo "2041"]
[BlackElo "2002"]
[Annotator "NA"]
[PlyCount "56"]
[EventDate "2019.07.02"]
[EventCountry "GRE"]
[SourceTitle "playchess.com"]
[Source "ChessBase"]
[SourceQuality "1"]
[TimeControl "5400+30"]

1. c4 {[%emt 0:00:00]} Nf6 {[%emt 0:00:00]} 2. Nc3 {[%emt 0:00:30]} g6 {[%emt 0:00:00]} 3. g3 {[%emt 0:00:15]} Bg7 {[%emt 0:00:00]} 4. Bg2 {[%emt 0:02:08]} O-O {[%emt 0:00:02]} 5. e4 {[%emt 0:01:36]} e5 {[%emt 0:00:07]} 6. Nge2 {[%emt 0:00:50]} d6 {[%emt 0:00:25]} 7. d3 {[%emt 0:05:17]} Be6 {[%emt 0:00:12]} 8. O-O {[%emt 0:04:34]} Qd7 {[%emt 0:04:53]} 9. f4 {[%emt 0:08:30]} Nc6 {[%emt 0:19:55]} 10. Kh1 {[%emt 0:22:19]} Bh3 {[%emt 0:14:21]} 11. Be3 {[%emt 0:09:27]} Bxg2+ {[%emt 0:00:07]} 12. Kxg2 {[%emt 0:03:22]} Ng4 {[%emt 0:00:28]} 13. Bg1 {[%emt 0:03:15]} f5 {[%emt 0:23:56]} 14. fxe5 {[%emt 0:07:28]} dxe5 {[%emt 0:02:27]} 15. Nd5 {[%emt 0:09:41]} Ne7 {[%emt 0:10:35]} 16. Nxe7+ {[%emt 0:00:02]} Qxe7 {[%emt 0:00:12]} 17. h3 {[%emt 0:01:24]} Nh6 {[%emt 0:00:19]} 18. Be3 {[%emt 0:02:31]} g5 {[%emt 0:01:57]} 19. Bg1 {[%emt 0:04:33]} Rad8 {[%emt 0:03:41]} 20. Nc3 {[%emt 0:08:21]} Qd7 {[%emt 0:01:36]} 21. Qb3 {[%emt 0:01:10]} f4 {[%emt 0:06:03]} 22. Qxb7 {[%emt 0:01:23]} f3+ {[%emt 0:00:38]} 23. Kh2 {[%emt 0:02:18]} Ng4+ {[%emt 0:02:12]} 24. hxg4 {[%emt 0:00:03]} Qxg4 {[%emt 0:05:32]} 25. Bc5 {[%emt 0:00:07]} Rf6 {[%emt 0:02:10]} 26. Ne2 {[%emt 0:00:47]} Rh6+ {[%emt 0:00:01]} 27. Kg1 {[%emt 0:00:43]} fxe2 {[%emt 0:01:03]} 28. Rf2 {[%emt 0:00:20]} Qxg3+ {[%emt 0:00:34]} 0-1

[Event "47th GRE-chT 2019"]
[Site "Patra"]
[Date "2019.07.02"]
[Round "1.39"]
[White "Galanakis, Nikolaos"]
[Black "Patrelakis, Evaggelos"]
[Result "0-1"]
[WhiteElo "1565"]
[BlackElo "2220"]
[Annotator "NA"]
[PlyCount "82"]
[EventDate "2019.07.02"]
[EventCountry "GRE"]
[SourceTitle "playchess.com"]
[Source "ChessBase"]
[SourceQuality "1"]
[TimeControl "5400+30"]

1. e4 {[%emt 0:00:00]} c5 {[%emt 0:00:00]} 2. Nf3 {[%emt 0:00:00]} d6 {[%emt 0:00:04]} 3. d4 {[%emt 0:00:00]} cxd4 {[%emt 0:00:07]} 4. Nxd4 {[%emt 0:00:00]} Nf6 {[%emt 0:00:10]} 5. Nc3 {[%emt 0:00:00]} e6 {[%emt 0:00:27]} 6. Be3 {[%emt 0:00:09]} a6 {[%emt 0:00:12]} 7. f3 {[%emt 0:00:59]} b5 {[%emt 0:00:08]} 8. Qd2 {[%emt 0:01:10]} Nbd7 {[%emt 0:00:11]} 9. a4 {[%emt 0:00:24]} b4 {[%emt 0:01:59]} 10. Na2 {[%emt 0:00:34]} d5 {[%emt 0:01:46]} 11. Bd3 {[%emt 0:14:54]} dxe4 {[%emt 0:06:38]} 12. fxe4 {[%emt 0:01:40]} Nxe4 {[%emt 0:13:18]} 13. Bxe4 {[%emt 0:07:21]} Qh4+ {[%emt 0:00:08]} 14. g3 {[%emt 0:00:06]} Qxe4 {[%emt 0:00:06]} 15. O-O-O {[%emt 0:00:49]} Qb7 {[%emt 0:08:57]} 16. Rhe1 {[%emt 0:07:25]} b3 {[%emt 0:31:55]} 17. Nxb3 {[%emt 0:09:11]} Be7 {[%emt 0:03:10]} 18. Qc3 {[%emt 0:04:02]} O-O {[%emt 0:01:07]} 19. Na5 {[%emt 0:04:25]} Qf3 {[%emt 0:06:00]} 20. Nc6 {[%emt 0:03:46]} Bf6 {[%emt 0:00:58]} 21. Bd4 {[%emt 0:00:11]} Qxc3 {[%emt 0:02:25]} 22. Nxc3 {[%emt 0:00:54]} Bb7 {[%emt 0:02:30]} 23. Ne5 {[%emt 0:02:13]} Nxe5 {[%emt 0:03:52]} 24. Bxe5 {[%emt 0:00:06]} Bg5+ {[%emt 0:00:06]} 25. Kb1 {[%emt 0:02:49]} Rfd8 {[%emt 0:04:39]} 26. Bc7 {[%emt 0:02:29]} Rdc8 {[%emt 0:00:00]} 27. Bb6 {[%emt 0:00:15]} Rc4 {[%emt 0:01:45]} 28. Rd4 {[%emt 0:01:41]} Rxd4 {[%emt 0:00:40]} 29. Bxd4 {[%emt 0:00:02]} Rc8 {[%emt 0:00:53]} 30. Ne4 {[%emt 0:01:45]} Be7 {[%emt 0:00:19]} 31. b3 {[%emt 0:02:50]} f6 {[%emt 0:00:40]} 32. Kb2 {[%emt 0:05:01]} Kf7 {[%emt 0:00:11]} 33. c3 {[%emt 0:01:21]} e5 {[%emt 0:04:17]} 34. Bf2 {[%emt 0:00:45]} f5 {[%emt 0:01:03]} 35. Nd2 {[%emt 0:00:16]} e4 {[%emt 0:00:33]} 36. Nc4 {[%emt 0:00:41]} Ke6 {[%emt 0:01:06]} 37. Bd4 {[%emt 0:00:37]} g5 {[%emt 0:00:42]} 38. Rd1 {[%emt 0:01:23]} Rd8 {[%emt 0:01:57]} 39. Na5 {[%emt 0:00:17]} Ba8 {[%emt 0:00:12]} 40. b4 {[%emt 0:00:00]} f4 {[%emt 0:00:00]} 41. gxf4 {[%emt 0:00:00]} gxf4 {[%emt 0:00:00]} 0-1

[Event "47th GRE-chT 2019"]
[Site "Patra"]
[Date "2019.07.02"]
[Round "1.40"]
[White "Antonioudakis, Georgios"]
[Black "Violakis, Anastasios"]
[Result "1-0"]
[WhiteElo "1385"]
[BlackElo "1431"]
[Annotator "NA"]
[PlyCount "81"]
[EventDate "2019.07.02"]
[EventCountry "GRE"]
[SourceTitle "playchess.com"]
[Source "ChessBase"]
[SourceQuality "1"]
[TimeControl "5400+30"]

1. e4 {[%emt 0:00:00]} g6 {[%emt 0:00:00]} 2. d4 {[%emt 0:00:00]} Bg7 {[%emt 0:00:00]} 3. Nc3 {[%emt 0:00:12]} d6 {[%emt 0:00:13]} 4. Bc4 {[%emt 0:00:50]} Nf6 {[%emt 0:01:32]} 5. Nge2 {[%emt 0:00:35]} O-O {[%emt 0:00:40]} 6. O-O {[%emt 0:00:05]} Nbd7 {[%emt 0:00:57]} 7. h3 {[%emt 0:02:31]} c5 {[%emt 0:00:55]} 8. Bb3 {[%emt 0:00:30]} cxd4 {[%emt 0:00:30]} 9. Nxd4 {[%emt 0:00:30]} Nc5 {[%emt 0:00:30]} 10. Re1 {[%emt 0:00:30]} Bd7 {[%emt 0:00:30]} 11. Bg5 {[%emt 0:00:30]} Bc8 {[%emt 0:21:34]} 12. Bc1 Bd7 {[%emt 0:00:00]} 13. Bg5 {[%emt 0:13:00]} Bc6 {[%emt 0:00:00]} 14. Nxc6 {[%emt 0:00:36]} bxc6 {[%emt 0:00:00]} 15. Qe2 {[%emt 0:00:58]} h6 {[%emt 0:07:23]} 16. Be3 {[%emt 0:04:28]} Ncd7 {[%emt 0:01:49]} 17. Rad1 {[%emt 0:01:47]} Qc7 {[%emt 0:07:04]} 18. f4 {[%emt 0:02:31]} Rad8 {[%emt 0:11:23]} 19. Bc1 {[%emt 0:01:15]} Ne8 {[%emt 0:11:29]} 20. Qg4 {[%emt 0:05:32]} Qb8 {[%emt 0:08:43]} 21. Qxg6 {[%emt 0:01:24]} Qxb3 {[%emt 0:03:24]} 22. Qxg7+ {[%emt 0:00:08]} Nxg7 {[%emt 0:00:27]} 23. axb3 {[%emt 0:00:06]} Nb6 {[%emt 0:02:56]} 24. Be3 {[%emt 0:01:00]} e6 {[%emt 0:00:54]} 25. Ra1 {[%emt 0:00:30]} Rd7 {[%emt 0:03:47]} 26. Ra6 {[%emt 0:00:09]} Rb8 {[%emt 0:00:58]} 27. Rea1 {[%emt 0:00:41]} Rbb7 {[%emt 0:00:47]} 28. Bxb6 {[%emt 0:02:02]} axb6 {[%emt 0:00:03]} 29. Ra8+ {[%emt 0:00:43]} Kh7 {[%emt 0:00:02]} 30. Rc8 {[%emt 0:00:08]} Rdc7 {[%emt 0:00:47]} 31. Raa8 {[%emt 0:00:26]} b5 {[%emt 0:04:20]} 32. Rh8+ {[%emt 0:00:17]} Kg6 {[%emt 0:00:04]} 33. Rag8 {[%emt 0:09:36]} f6 {[%emt 0:05:12]} 34. g4 {[%emt 0:03:35]} Kf7 {[%emt 0:01:55]} 35. e5 {[%emt 0:01:22]} fxe5 {[%emt 0:00:36]} 36. Ne4 {[%emt 0:01:41]} Rd7 {[%emt 0:01:41]} 37. g5 {[%emt 0:01:01]} h5 {[%emt 0:01:20]} 38. Nf6 {[%emt 0:00:21]} Re7 {[%emt 0:00:46]} 39. Ne4 {[%emt 0:17:18]} Red7 {[%emt 0:00:46]} 40. Rf8+ {[%emt 0:00:18]} Ke7 {[%emt 0:00:04]} 41. g6 {[%emt 0:00:12]} 1-0

[Event "47th GRE-chT 2019"]
[Site "Patra"]
[Date "2019.07.03"]
[Round "2.1"]
[White "Lupulescu, Constantin"]
[Black "Saric, Ivan"]
[Result "1/2-1/2"]
[WhiteElo "2649"]
[BlackElo "2681"]
[Annotator "TA"]
[PlyCount "63"]
[EventDate "2019.07.02"]
[EventCountry "GRE"]
[SourceTitle "playchess.com"]
[Source "ChessBase"]
[SourceQuality "1"]

{[%evp 10,63,12,0,6,0,0,0,21,0,4,0,0,-3,0,0,0,0,0,0,17,22,24,22,29,32,32,32,33,31,36,28,33,29,33,22,19,14,18,12,14,14,16,14,15,15,16,15,18,6,16,0,5,4,9,0]} 1. Nf3 d5 2. e3 Nf6 3. c4 e6 4. b3 Bd6 5. Bb2 O-O 6. Be2 Nbd7 {A13: English Opening: 1...e6} (6... dxc4 7. Bxc4 b6 8. Nc3 Bb7 9. d4 a6 10. O-O b5 11. Bd3 Nbd7 12. a4 b4 13. Nb1 c5 14. Nbd2 cxd4 15. Nxd4 {½-½ (59) Nakamura,H (2746)-So,W (2765) Kolkata 2018}) 7. O-O b6 8. cxd5 exd5 9. Re1 $146 ({Predecessor:} 9. Nd4 c5 10. Nf5 Bb8 11. f4 Re8 12. Bf3 Nf8 13. Ng3 Bb7 14. Nc3 {0-1 (37) Stefanova,A (2512)-Koneru,H (2557) Doha 2016}) 9... Bb7 10. Bf1 Re8 11. g3 a6 12. Nc3 Ne5 13. Nxe5 Bxe5 14. Bg2 Ne4 15. Rc1 c5 16. d3 Nxc3 17. Bxc3 Bxc3 18. Rxc3 Qf6 19. d4 Rad8 20. Rc1 cxd4 $1 21. exd4 Qd6 22. h4 h6 {The position is equal.} 23. Qd2 a5 24. Re3 Rxe3 25. Qxe3 Bc8 26. Qc3 Be6 27. Qc7 g5 28. hxg5 hxg5 29. Kf1 Kg7 30. Qxd6 Rxd6 31. Ke1 Bg4 32. Rc3 {Accuracy: White = 62%, Black = 81%.} 1/2-1/2

[Event "47th GRE-chT 2019"]
[Site "Patra"]
[Date "2019.07.03"]
[Round "2.1"]
[White "Banikas, Hristos"]
[Black "Nedev, Trajko"]
[Result "1/2-1/2"]
[WhiteElo "2601"]
[BlackElo "2495"]
[Annotator "TA"]
[PlyCount "217"]
[EventDate "2019.07.02"]
[EventCountry "GRE"]
[SourceTitle "playchess.com"]
[Source "ChessBase"]
[SourceQuality "1"]

{[%evp 18,217,29,12,33,0,0,0,0,0,0,0,0,0,0,0,0,0,15,0,0,-20,0,0,0,0,0,0,0,0,0,0,2,0,11,4,10,11,8,8,72,12,16,20,14,4,10,12,12,8,6,0,222,87,125,125,125,125,125,125,125,125,125,87,87,59,143,87,87,87,87,87,87,87,88,87,88,89,91,91,91,91,96,96,96,73,73,8,8,8,8,8,8,8,8,8,8837,3012,1092,8,8,8,8,8,8,15,15,22,22,0,0,0,0,0,0,0,1108,0,0,0,0,0,0,0,0,0,0,0,8,0,8,8,8,0,8,0,0,0,0,0,0,0,8,0,0,0,0,0,0,0,0,0,0,0,0,0,0,0,0,0,0,0,0,0,0,0,0,0,0,0,0,0,0,0,0,0,0,0,0,0,0,0,0,0,0,0,0,0,0,0,0,0,0,0,0,0,0,0,8,0,0,0]} 1. d4 Nf6 2. c4 ({Predecessor:} 2. Nf3 g6 {0-1 (39) Kazakovskiy,V (2433)-Kovalev,A (2517) Panevezys 2017}) 2... g6 3. Nf3 Bg7 4. g3 O-O 5. Bg2 d6 6. O-O Nc6 7. Nc3 e5 8. dxe5 dxe5 9. Bg5 Be6 10. Qa4 Qe8 $146 {E62: King's Indian: Fianchetto: 6...c6 and Panno Variation (6...Nc6) without ...a6} (10... Qb8 11. Bxf6 Bxf6 12. Nd2 Bg7 13. Rfd1 Rd8 14. Nb3 Nd4 15. Nc5 c6 16. e3 Bg4 17. exd4 exd4 18. N3e4 Bxd1 19. Rxd1 {1-0 (32) Carlsen,M (2835)-Firouzja,A (2607) St Petersburg 2018}) 11. Rfd1 Nd7 12. Nd5 Nb6 13. Qc2 Nxd5 14. cxd5 Nb4 15. Qxc7 Nxd5 16. Qxb7 Rb8 $1 {[%cal Rb8b7]} 17. Qxa7 Rxb2 18. e4 Nc3 $1 {[%csl LRa2,LRd1,LRe4]} 19. Re1 Nxa2 20. Be7 Qa8 21. Qa3 Rfb8 22. Ng5 Bc4 23. Qxa8 Rxa8 24. Rec1 Bd3 25. Rc7 Rab8 26. Bf1 Bxf1 27. Kxf1 {White wants to play Ba3.} h6 28. Nf3 Nb4 (28... Rb1+ $11 {remains equal.} 29. Rxb1 Rxb1+ 30. Kg2 Rb3) 29. Rd1 (29. Bd6 $16) 29... Rc2 30. Rxc2 Nxc2 31. Rd5 Rb1+ 32. Ke2 g5 33. Bc5 ({Much weaker is} 33. Nxe5 Bxe5 34. Kd2 (34. Rxe5 Nd4+ 35. Kd2 Nc6 $17) 34... Nd4 $17) 33... f6 34. Rd2 Rc1 $2 (34... Na1 $11 {and Black is okay.}) 35. Rd1 (35. Rd8+ $18 {and the rest is easy.} Kf7 36. Kd2) 35... Rxd1 36. Kxd1 Nd4 37. Bxd4 exd4 38. Nxd4 $16 {[%mdl 4096] Endgame KB-KN} g4 39. Ne6 Bh8 40. Ke2 Kf7 41. Nf4 (41. Nc5 {with more complications.} Bg7 42. Ke3 Bf8 43. Nd3 Bd6 44. f4) 41... Bg7 (41... f5 $1 $14) 42. f3 (42. Ke3 $142) 42... gxf3+ 43. Kxf3 Bf8 44. Kg4 Bd6 45. Kf5 Be5 46. Nd3 Bd4 47. Ne1 Bb2 48. Nf3 Bc3 49. h3 Bb2 50. g4 Bc3 51. h4 Bb2 52. h5 ({Better is} 52. e5 $16 {Hoping for e6+.} fxe5 53. Nxe5+ Kg7 54. Ke6) 52... Bc3 $11 53. Nh4 Bd4 54. Ng6 Bb2 55. Nf4 Bc3 56. Ne6 Bb2 $2 {[%mdl 8192]} (56... Ba1 $11) 57. Nd8+ $1 $18 Ke7 58. Nc6+ $2 (58. Nb7 $1 $18 {Black must now prevent Kg6.} Bc1 59. Kg6) 58... Kf7 $1 $11 59. Na5 Bc3 60. Nb7 {Threatens to win with Nd6+.} Ba1 $1 61. Nd6+ Ke7 62. Nc4 {Strongly threatening Kg6.} Kf7 $1 63. Kf4 {aiming for Kf5.} Ke6 64. Ke3 Bc3 65. Kd3 Be1 66. Ne3 Bg3 $2 {[%mdl 8192] [#]} (66... Bh4 $11) 67. Nf5 $2 (67. g5 $1 $18 {[%mdl 512]}) 67... Bf4 {The position is equal.} 68. Nh4 Bg5 69. Ng6 Bc1 70. Kc4 (70. e5 $5) 70... Be3 71. Kc3 Bc1 72. Kd4 Kd6 73. Kc4 Be3 74. Kd3 Bg5 75. Kd4 Bc1 76. Nh4 Bb2+ 77. Ke3 Bc1+ 78. Kd3 Ke5 79. Ng6+ Kd6 80. Kc2 Bg5 81. Kb3 Kc5 82. Kc3 Kd6 83. Kc4 Bc1 84. Kd4 Bb2+ 85. Ke3 Bc1+ 86. Kf3 Ke6 87. Nh4 Bg5 88. Ng2 Ke5 89. Ne1 Kd4 90. Nc2+ Ke5 91. Nb4 Bd2 92. Nc6+ Kd6 93. Nd8 Ke7 94. Nb7 Ke6 95. Nc5+ Ke5 96. Nd7+ Ke6 97. Nb6 (97. Ke2 {keeps more tension.} Bf4 98. Nc5+ Ke5 99. Kf3 Bg5 100. Na4) 97... Bg5 98. Nc4 Bc1 99. Ke2 Bf4 100. Kd3 Bg3 101. Ke3 Bh2 102. e5 fxe5 103. Ke4 Kf6 104. Nd6 Kg5 105. Kf3 {And now Nf7+ would win.} Bf4 106. Ne4+ Kh4 107. Nf2 Bg3 {...Bxf2 is the strong threat.} 108. Ne4 Bf4 109. Nf2 {Accuracy: White = 52%, Black = 70%.} 1/2-1/2